Catalogue of research literature for development /
Guardado en:
| Autor Corporativo: | |
|---|---|
| Formato: | Libro |
| Idioma: | English |
| Publicado: |
Washington :
A.I.D.,
1976-1977.
|
| Materias: | |
| Etiquetas: |
Agregar Etiqueta
Sin Etiquetas, Sea el primero en etiquetar este registro!
|
| LEADER | 01212cam a2200265 a 4500 | ||
|---|---|---|---|
| 001 | EEA.libagro010037 | ||
| 005 | 20190517124206.0 | ||
| 008 | 770601m19761977dcu######b###f001#0#eng## | ||
| 010 | |a 77601555 | ||
| 040 | |a DLC |c DLC |d DLC | ||
| 043 | |a d------ | ||
| 050 | 0 | 0 | |a Z7164.U5 |b C38 |a HC60 |
| 082 | 0 | 0 | |a 338.9 |
| 245 | 0 | 0 | |a Catalogue of research literature for development / |c produced under programs of the Bureau for Technical Assistance, U.S. Agency for International Development (A.I.D.). |
| 260 | |a Washington : |b A.I.D., |c 1976-1977. | ||
| 300 | |a 2 v. ; |c 28 cm. | ||
| 500 | |a Incluye índices. | ||
| 505 | 0 | |a v. 1. Food production and nutrition. -- v. 2. Food production and nutrition, development and economics, education and human resources, health, selected development areas. | |
| 650 | 0 | |a Países en desarrollo |2 agrovoc | |
| 650 | 0 | |a Desarrollo económico |2 agrovoc | |
| 651 | 0 | |a Ayuda al desarrollo |2 agrovoc | |
| 651 | 0 | |a Bibliografías |2 agrovoc | |
| 710 | 1 | |a United States. |b Agency for International Development. |b Bureau for Technical Assistance. | |
| 859 | |a AR-BbBCA |b BIB. AGRONOMIA |h B338.9 |i E79 |p 1988/0956 |v Vol. I |3 Vol. I | ||
| 859 | |a AR-BbBCA |b BIB. AGRONOMIA |h B338.9 |i E79 |p 1988/0957 |v Vol. II |3 Vol. II | ||
